书目信息 |
| 题名: |
体育运动场地手册
|
|
| 作者: | 李树昆 编著 | |
| 分册: | ||
| 出版信息: | 北京 中国广播电视出版社 1988.7 |
|
| 页数: | 104页 | |
| 开本: | 19厘米 | |
| 丛书名: | ||
| 单 册: | ||
| 中图分类: | G818.1-62 | |
| 科图分类: | ||
| 主题词: | 体育场--手册 , 体育事业--世界 | |
| 电子资源: | ||
| ISBN: | 7-5043-0066-7 | |
| 000 | 00825nam0 2200265 45 | |
| 001 | 0189015842 | |
| 005 | 20040507141038.6 | |
| 010 | @a7-5043-0066-7@dCNY0.77 | |
| 020 | @aCN@b89015842 | |
| 100 | @a19910304d1988 m y0chiy0120 ea | |
| 101 | 0 | @achi |
| 102 | @aCN@b110000 | |
| 105 | @ay g 000yy | |
| 106 | @ar | |
| 200 | 10 | @a体育运动场地手册@Ati yu yun dong chang di shou ce@f李树昆编著@Fli shu kun bian zhu |
| 210 | @a北京@c中国广播电视出版社@d1988.7 | |
| 215 | @a104页@d19厘米 | |
| 330 | @a本书根据国家体委审定的最新规则编写,系统地介绍了田径、球类场地的设计、丈量和画法。 | |
| 540 | 1 | @a体育运动场地@Ati yu yun dong chang di |
| 606 | @a体育场@x手册 | |
| 606 | 0 | @a体育事业@x世界 |
| 690 | @aG818.1-62 | |
| 701 | 0 | @a李树昆@Ali shu kun@4编著 |
| 801 | 0 | @aCN@bNLC@c19910304 |
| 905 | @f1@b216016@dG818.1-62@e5 | |
| 体育运动场地手册/李树昆编著.-北京:中国广播电视出版社,1988.7 |
| 104页;19厘米 |
| ISBN 7-5043-0066-7:CNY0.77 |
| 本书根据国家体委审定的最新规则编写,系统地介绍了田径、球类场地的设计、丈量和画法。 |
| ● |
| 相关链接 |
|
|
|
|
正题名:体育运动场地手册
索取号:G818.1-62/5
 
预约/预借
| 序号 | 登录号 | 条形码 | 馆藏地/架位号 | 状态 | 备注 |
| 1 | 0216016 | 000299572 | 第四借阅区/ [索取号:G818.1-62/5] | 在馆 |